1177 1324 1946 1779 1541 1272 1426 1108 1172 1389 1253 1560 1620 1728 1847 1425 1817 1728 1061 1639 1309 1952 1638 1790 1867 1157 1526 1861 1709 1802 1534 1580 1976 1113 1814 1640 1665 1860 1651 1112 1829 1637 1986 1502 1084 1250 1530 1970 1137 1542 1836 1075 1774 1803 1585 1943 1184 1769 1076 1865 1574 1780 1945 1609 1833 1033 1332 1168 1044 1531 1886 1042 1051 1240 1081 1289 1220 1759 1820 1247 1518 1320 1390 1956 1459 1063 1959 1415 1918 1139 1761 1654 1498 1145 1780 1970 1674 1147 1778 BCNSPRNW ULIB Ver.6.0+V

เปลี่ยนเป็นภาษาไทย

Change to English
 แสดงรายละเอียดบรรณานุกรม
  กลับหน้าหลัก

Brief Record : Get Marc (ISO 2709) : E-mail record : QR code < ปิดหน้าต่าง
LEADER : 00000nam 2200000uu 4500
001    13399120505
003     ULIB
008    100909s2551 th a t 000 0 tha d
020    ^a9789743779541
060 04 ^aWB925^bร451 2551
245 00 ^aการบูรณาการการแพทย์แผนไทย :^bบทบาทวัดกับการดูแลสุขภาพชุมชน/^cศูนย์ข้อมูลเชิงยุทธศาสตร์กรมพัฒนาการแพทย์แผนไทยและการแพทย์ทางเลือก กระทรวงสาธารณสุขและ หน่วยปฏิบัติการวิจัยเภสัชศาสตร์สังคม คณะเภสัชศาสตร์จุฬาลงกรณ์มหาวิทยาลัยวิจัย ; นักวิจัย รัชนี จันทร์เกษ ...[และคนอื่นๆ]
246 30 ^aบทบาทวัดกับการดูแลสุขภาพชุมชน
250    ^aพิมพ์ครั้งที่ 1
260    ^aนนทบุรี :^bศูนย์ข้อมูลเชิงยุทธศาสตร์กรมพัฒนาการแพทย์แผนไทยและการแพทย์ทางเลือก,^c2551
300    ^a[12], 244 หน้า :^bภาพประกอบ ;^c21 ซม.
500    ^aผู้วิจัยร่วม : จิราพร ลิ้มปานานนท์, ประพจน์ เภตรากาศ,วีรพงษ์ เกรียงสินยศ, ปารณัฐ สุขสุทธิ์, สุพัตรา สันทนานุการ, เสาวณีย์ กุลสมบูรณ์, สุรัตนา อำนวยผล
500    ^aSend to Single Search
650  4 ^aการแพทย์แผนโบราณ^zไทย^vวิจัย
650  4 ^aการแพทย์แผนไทย^vวิจัย
650  4 ^aการแพทย์ทางเลือก^zไทย^vวิจัย
650  4 ^aสงฆ์กับการแพทย์^vวิจัย
650  4 ^aการแพทย์^xแง่ศาสนา^xพุทธศาสนา
650  4 ^aวัดกับชุมชน^zไทย^xแง่อนามัย
650  4 ^aสถานพยาบาลแผนไทย^vวิจัย
650  4 ^aวิจัย
700 0  ^aรัชนี จันทร์เกษ
700 0  ^aจิราพร ลิ้มปานานนท์
700 0  ^aประพจน์ เภตรากาศ
700 0  ^aวีรพงษ์ เกรียงสินยศ
700 0  ^aปารณัฐ สุขสุทธิ์
700 0  ^aสุพัตรา สันทนานุการ
700 0  ^aเสาวณีย์ กุลสมบูรณ์
700 0  ^aสุรัตนา อำนวยผล
710 2  ^aกรมพัฒนาการแพทย์แผนไทยและการแพทย์ทางเลือก.^bศูนย์ข้อมูลเชิงยุทธศาสตร์
710 2  ^aจุฬาลงกรณ์มหาวิทยาลัย. ^bคณะเภสัชศาสตร์.^bหน่วยปฏิบัติการวิจัยเภสัชศาสตร์สังคม
945    ^p0^l0^i17811
995    ^aกัณชพร
999    ^aใช้งานได้ทุกระบบ
รายการนี้ยังไม่มีแท็ก
คุณยังไม่ได้ล็อกอิน คุณสามารถมีกิจกรรมร่วมกับเว็บไซต์ได้ แต่ต้องล็อกอินก่อน ::
  ล็อกอิน

รายการสื่อสารสนเทศ

ลำดับที่ ประเภท เลขเรียก/บาร์โค้ด สถานที่ สถานะ
- ไม่พบข้อมูล -

รายการใกล้เคียง
    หัวเรื่อง [วิจัย]

BibComment


ยังไม่เคยถูกคอมเมนท์

คอมเมนท์ทรัพยากรรายการนี้
  คอมเมนท์: การบูรณาการการแพ..


 Copyright 2026. Bcnsprnw @Library